Văn hoá dân gian người Bou - Vân Kiều ở Quảng Trị
Khái quát về điều kiện tự nhiên tộc người, dân số và sự biến động dân cư. Trình bày thiết chế xã hội cổ truyền-chế độ sở hữu các nguồn tài nguyên thiên nhiên và sự phân hóa giàu nghèo. Đề cập đến hôn nhân và gia đình của người Bou-vân Kiều; đời sống tâm linh, tang ma và lễ hội cổ truyền; văn hóa vật...
Đã lưu trong:
| Tác giả chính: | |
|---|---|
| Định dạng: | Sách |
| Năm xuất bản: |
H.
Văn hoá thông tin
2011
|
| Chủ đề: | |
| Truy cập Trực tuyến: | Việt Nam |
| Tags: |
Thêm thẻ
Không có thẻ, Hãy là người đầu tiên gắn thẻ bản ghi này!
|
| LEADER | 01082nam a2200181 4500 | ||
|---|---|---|---|
| 082 | |a 398.0959747 |b Y600TH | ||
| 100 | |a Y Thi | ||
| 245 | |a Văn hoá dân gian người Bou - Vân Kiều ở Quảng Trị |c Y Thi | ||
| 260 | |a H. |b Văn hoá thông tin |c 2011 | ||
| 300 | |a 203 tr. |c 21 cm. | ||
| 520 | |a Khái quát về điều kiện tự nhiên tộc người, dân số và sự biến động dân cư. Trình bày thiết chế xã hội cổ truyền-chế độ sở hữu các nguồn tài nguyên thiên nhiên và sự phân hóa giàu nghèo. Đề cập đến hôn nhân và gia đình của người Bou-vân Kiều; đời sống tâm linh, tang ma và lễ hội cổ truyền; văn hóa vật thể; văn hóa nghệ thuật | ||
| 653 | |a Văn hóa dân gian | ||
| 653 | |a Dân tộc Vân Kiều | ||
| 653 | |a Quảng Trị | ||
| 856 | |u Việt Nam | ||
| 942 | |2 ddc |c SH | ||
| 999 | |c 8491 |d 8491 | ||
| 952 | |0 0 |1 0 |2 ddc |4 0 |6 398_095974700000000_Y600TH |7 0 |8 300 |9 70182 |a qbu |b qbu |c D2 |d 2015-04-08 |g 60000 |o 398.0959747 Y600TH |p 8101.c1 |r 0000-00-00 |w 2015-04-08 |y SH |0 0 |6 398_095974700000000_Y600TH | ||